<?xml version="1.0" encoding="UTF-8"?>
<collection xmlns="http://www.loc.gov/MARC21/slim">
 <record>
  <leader>03284cam a2200565   4500</leader>
  <controlfield tag="001">1686364210</controlfield>
  <controlfield tag="003">DE-627</controlfield>
  <controlfield tag="005">20240214081047.0</controlfield>
  <controlfield tag="007">tu</controlfield>
  <controlfield tag="008">200102s2018    xx |||||      00| ||eng c</controlfield>
  <datafield tag="020" ind1=" " ind2=" ">
   <subfield code="a">9789536002948</subfield>
   <subfield code="c">: (pbk)</subfield>
   <subfield code="9">978-953-6002-94-8</subfield>
  </datafield>
  <datafield tag="020" ind1=" " ind2=" ">
   <subfield code="a">9536002949</subfield>
   <subfield code="9">953-6002-94-9</subfield>
  </datafield>
  <datafield tag="035" ind1=" " ind2=" ">
   <subfield code="a">(DE-627)1686364210</subfield>
  </datafield>
  <datafield tag="035" ind1=" " ind2=" ">
   <subfield code="a">(DE-599)HBZHT019955115</subfield>
  </datafield>
  <datafield tag="035" ind1=" " ind2=" ">
   <subfield code="a">(OCoLC)1315743916</subfield>
  </datafield>
  <datafield tag="035" ind1=" " ind2=" ">
   <subfield code="a">(DE-603)453316794</subfield>
  </datafield>
  <datafield tag="040" ind1=" " ind2=" ">
   <subfield code="a">DE-627</subfield>
   <subfield code="b">ger</subfield>
   <subfield code="c">DE-627</subfield>
   <subfield code="e">rda</subfield>
  </datafield>
  <datafield tag="041" ind1=" " ind2=" ">
   <subfield code="a">eng</subfield>
   <subfield code="a">fre</subfield>
  </datafield>
  <datafield tag="084" ind1=" " ind2=" ">
   <subfield code="a">KUNST</subfield>
   <subfield code="q">DE-16</subfield>
   <subfield code="2">fid</subfield>
  </datafield>
  <datafield tag="111" ind1="2" ind2=" ">
   <subfield code="a">Le transept et ses espaces élevés dans l'église du Moyen Âge (XIe-XVIe siècles)</subfield>
   <subfield code="g">Veranstaltung</subfield>
   <subfield code="d">2015</subfield>
   <subfield code="c">Lausanne</subfield>
   <subfield code="j">VerfasserIn</subfield>
   <subfield code="0">(DE-588)1183319002</subfield>
   <subfield code="0">(DE-627)1663132216</subfield>
   <subfield code="4">aut</subfield>
  </datafield>
  <datafield tag="245" ind1="1" ind2="3">
   <subfield code="a">Le transept et ses espaces élevés dans l'église du Moyen Âge (XIe-XVIe siècles)</subfield>
   <subfield code="b">pour une nouvelle approche fonctionnelle (architecture, décor, liturgie et son) : actes du colloque de Lausanne (20-21 avril 2015)</subfield>
   <subfield code="c">dirigé par Barbara Franzé (Université de Lusanne) et Nathalie le Luel (Université catholique de l'Ouest, Angers)</subfield>
  </datafield>
  <datafield tag="264" ind1=" " ind2="1">
   <subfield code="a">Zagreb</subfield>
   <subfield code="a">Motovun</subfield>
   <subfield code="b">University of Zagreb, International Research Center for Late Antiquity and the Middle Ages</subfield>
   <subfield code="c">2018</subfield>
  </datafield>
  <datafield tag="300" ind1=" " ind2=" ">
   <subfield code="a">262 Seiten</subfield>
   <subfield code="b">Illustrationen, Pläne</subfield>
  </datafield>
  <datafield tag="336" ind1=" " ind2=" ">
   <subfield code="a">Text</subfield>
   <subfield code="b">txt</subfield>
   <subfield code="2">rdacontent</subfield>
  </datafield>
  <datafield tag="337" ind1=" " ind2=" ">
   <subfield code="a">ohne Hilfsmittel zu benutzen</subfield>
   <subfield code="b">n</subfield>
   <subfield code="2">rdamedia</subfield>
  </datafield>
  <datafield tag="338" ind1=" " ind2=" ">
   <subfield code="a">Band</subfield>
   <subfield code="b">nc</subfield>
   <subfield code="2">rdacarrier</subfield>
  </datafield>
  <datafield tag="490" ind1="1" ind2=" ">
   <subfield code="a">Dissertationes et monographiae</subfield>
   <subfield code="v">11</subfield>
  </datafield>
  <datafield tag="546" ind1=" " ind2=" ">
   <subfield code="a">Beiträge überwiegend französich, teilweise englisch</subfield>
  </datafield>
  <datafield tag="583" ind1="1" ind2=" ">
   <subfield code="a">Archivierung/Langzeitarchivierung gewährleistet</subfield>
   <subfield code="f">FID</subfield>
   <subfield code="2">pdager</subfield>
   <subfield code="5">DE-16</subfield>
  </datafield>
  <datafield tag="650" ind1=" " ind2="4">
   <subfield code="a">Architektur, 500-1900</subfield>
  </datafield>
  <datafield tag="650" ind1=" " ind2="4">
   <subfield code="a">Kirchengeschichte</subfield>
  </datafield>
  <datafield tag="655" ind1=" " ind2="7">
   <subfield code="a">Konferenzschrift</subfield>
   <subfield code="y">21.04.2015-21.04.2015</subfield>
   <subfield code="z">Lausanne</subfield>
   <subfield code="0">(DE-588)1071861417</subfield>
   <subfield code="0">(DE-627)826484824</subfield>
   <subfield code="0">(DE-576)433375485</subfield>
   <subfield code="2">gnd-content</subfield>
  </datafield>
  <datafield tag="689" ind1="0" ind2="0">
   <subfield code="d">s</subfield>
   <subfield code="0">(DE-588)4073436-5</subfield>
   <subfield code="0">(DE-627)104791268</subfield>
   <subfield code="0">(DE-576)209190450</subfield>
   <subfield code="a">Kirchenbau</subfield>
   <subfield code="2">gnd</subfield>
  </datafield>
  <datafield tag="689" ind1="0" ind2="1">
   <subfield code="d">s</subfield>
   <subfield code="0">(DE-588)4408354-3</subfield>
   <subfield code="0">(DE-627)197639429</subfield>
   <subfield code="0">(DE-576)212112430</subfield>
   <subfield code="a">Querschiff</subfield>
   <subfield code="2">gnd</subfield>
  </datafield>
  <datafield tag="689" ind1="0" ind2="2">
   <subfield code="d">s</subfield>
   <subfield code="0">(DE-588)4002851-3</subfield>
   <subfield code="0">(DE-627)104280352</subfield>
   <subfield code="0">(DE-576)208848975</subfield>
   <subfield code="a">Architektur</subfield>
   <subfield code="2">gnd</subfield>
  </datafield>
  <datafield tag="689" ind1="0" ind2="3">
   <subfield code="a">z</subfield>
   <subfield code="2">gnd</subfield>
   <subfield code="a">Geschichte 1000-1600</subfield>
  </datafield>
  <datafield tag="689" ind1="0" ind2=" ">
   <subfield code="5">(DE-627)</subfield>
  </datafield>
  <datafield tag="700" ind1="1" ind2=" ">
   <subfield code="a">Franzé, Barbara</subfield>
   <subfield code="d">1973-</subfield>
   <subfield code="e">HerausgeberIn</subfield>
   <subfield code="0">(DE-588)108165337X</subfield>
   <subfield code="0">(DE-627)852486871</subfield>
   <subfield code="0">(DE-576)454620128</subfield>
   <subfield code="4">edt</subfield>
  </datafield>
  <datafield tag="700" ind1="1" ind2=" ">
   <subfield code="a">Le Luel, Nathalie</subfield>
   <subfield code="d">1978-</subfield>
   <subfield code="e">HerausgeberIn</subfield>
   <subfield code="0">(DE-588)1032892390</subfield>
   <subfield code="0">(DE-627)739431633</subfield>
   <subfield code="0">(DE-576)380361450</subfield>
   <subfield code="4">edt</subfield>
  </datafield>
  <datafield tag="787" ind1="0" ind2="8">
   <subfield code="i">Rezensiert in</subfield>
   <subfield code="a">Palladino, Adrien, 1990 - </subfield>
   <subfield code="t">[Rezension von: Barbara Franzé / Nathalie Le Luel (éds.), Le transept et ses espaces élevés dans l'église du Moyen Âge (XIe-XVIe siècles)]</subfield>
   <subfield code="d">2019</subfield>
   <subfield code="w">(DE-627)1787039757</subfield>
  </datafield>
  <datafield tag="830" ind1=" " ind2="0">
   <subfield code="a">Dissertationes et monographiae: studies in early Christian and medieval art history and archaeology</subfield>
   <subfield code="v">11</subfield>
   <subfield code="9">11</subfield>
   <subfield code="w">(DE-627)667872590</subfield>
   <subfield code="w">(DE-576)259298743</subfield>
   <subfield code="w">(DE-600)2625825-0</subfield>
   <subfield code="7">ns</subfield>
  </datafield>
  <datafield tag="856" ind1="4" ind2="2">
   <subfield code="u">https://swbplus.bsz-bw.de/bsz1686364210inh.htm</subfield>
   <subfield code="m">V:DE-576;B:DE-16</subfield>
   <subfield code="q">application/pdf</subfield>
   <subfield code="v">20200421153926</subfield>
   <subfield code="3">Inhaltsverzeichnis</subfield>
  </datafield>
  <datafield tag="856" ind1="4" ind2="2">
   <subfield code="u">https://swbplus.bsz-bw.de/bsz1686364210rez.htm</subfield>
   <subfield code="m">V:DE-576;B:DE-16</subfield>
   <subfield code="q">application/pdf</subfield>
   <subfield code="v">20200624153037</subfield>
   <subfield code="3">Rezension</subfield>
  </datafield>
  <datafield tag="951" ind1=" " ind2=" ">
   <subfield code="a">BO</subfield>
  </datafield>
  <datafield tag="990" ind1=" " ind2=" ">
   <subfield code="a">Kirchenbau</subfield>
  </datafield>
  <datafield tag="990" ind1=" " ind2=" ">
   <subfield code="a">Querschiff</subfield>
  </datafield>
  <datafield tag="990" ind1=" " ind2=" ">
   <subfield code="a">Architektur</subfield>
  </datafield>
  <datafield tag="990" ind1=" " ind2=" ">
   <subfield code="a">Geschichte 1000-1600</subfield>
  </datafield>
  <datafield tag="991" ind1=" " ind2=" ">
   <subfield code="a">Rezensiertes Werk</subfield>
  </datafield>
  <datafield tag="999" ind1=" " ind2=" ">
   <subfield code="a">KXP-PPN1686364210</subfield>
   <subfield code="e">404855798X</subfield>
  </datafield>
 </record>
</collection>
